<?xml version="1.0" encoding="UTF-8"?>
<collection xmlns="http://www.loc.gov/MARC21/slim">
 <record>
  <leader>02284cam a22004692  4500</leader>
  <controlfield tag="001">1131472179</controlfield>
  <controlfield tag="003">DE-627</controlfield>
  <controlfield tag="005">20240401183447.0</controlfield>
  <controlfield tag="007">tu</controlfield>
  <controlfield tag="008">970922s1955    xx |||||      00| ||ita c</controlfield>
  <datafield tag="035" ind1=" " ind2=" ">
   <subfield code="a">(DE-627)1131472179</subfield>
  </datafield>
  <datafield tag="035" ind1=" " ind2=" ">
   <subfield code="a">(DE-576)061472174</subfield>
  </datafield>
  <datafield tag="035" ind1=" " ind2=" ">
   <subfield code="a">(DE-599)BSZ061472174</subfield>
  </datafield>
  <datafield tag="035" ind1=" " ind2=" ">
   <subfield code="a">(OCoLC)4169882</subfield>
  </datafield>
  <datafield tag="035" ind1=" " ind2=" ">
   <subfield code="a">(OCoLC)04169882</subfield>
  </datafield>
  <datafield tag="035" ind1=" " ind2=" ">
   <subfield code="a">(DE-604)8054863678</subfield>
  </datafield>
  <datafield tag="040" ind1=" " ind2=" ">
   <subfield code="a">DE-627</subfield>
   <subfield code="b">ger</subfield>
   <subfield code="c">DE-627</subfield>
   <subfield code="e">rakwb</subfield>
  </datafield>
  <datafield tag="041" ind1=" " ind2=" ">
   <subfield code="a">ita</subfield>
  </datafield>
  <datafield tag="084" ind1=" " ind2=" ">
   <subfield code="a">9,10</subfield>
   <subfield code="2">ssgn</subfield>
  </datafield>
  <datafield tag="084" ind1=" " ind2=" ">
   <subfield code="a">NM 9100</subfield>
   <subfield code="2">rvk</subfield>
   <subfield code="0">(DE-625)rvk/126473:</subfield>
  </datafield>
  <datafield tag="084" ind1=" " ind2=" ">
   <subfield code="a">LN 80662</subfield>
   <subfield code="2">rvk</subfield>
   <subfield code="0">(DE-625)rvk/102287:4</subfield>
  </datafield>
  <datafield tag="245" ind1="1" ind2="0">
   <subfield code="a">Monumenti della Sicilia normanna</subfield>
   <subfield code="c">a cura di Guido Stefano</subfield>
  </datafield>
  <datafield tag="264" ind1=" " ind2="1">
   <subfield code="a">Palermo</subfield>
   <subfield code="b">Soc. siciliana per la storia patria</subfield>
   <subfield code="c">1955</subfield>
  </datafield>
  <datafield tag="300" ind1=" " ind2=" ">
   <subfield code="a">XL, 129 S.</subfield>
   <subfield code="b">Ill., Kt.</subfield>
  </datafield>
  <datafield tag="336" ind1=" " ind2=" ">
   <subfield code="a">Text</subfield>
   <subfield code="b">txt</subfield>
   <subfield code="2">rdacontent</subfield>
  </datafield>
  <datafield tag="337" ind1=" " ind2=" ">
   <subfield code="a">ohne Hilfsmittel zu benutzen</subfield>
   <subfield code="b">n</subfield>
   <subfield code="2">rdamedia</subfield>
  </datafield>
  <datafield tag="338" ind1=" " ind2=" ">
   <subfield code="a">Band</subfield>
   <subfield code="b">nc</subfield>
   <subfield code="2">rdacarrier</subfield>
  </datafield>
  <datafield tag="583" ind1="1" ind2=" ">
   <subfield code="a">Archivierung/Langzeitarchivierung gewährleistet</subfield>
   <subfield code="f">SSG</subfield>
   <subfield code="x">XA-DE-BW</subfield>
   <subfield code="2">pdager</subfield>
   <subfield code="5">DE-16</subfield>
  </datafield>
  <datafield tag="689" ind1="0" ind2="0">
   <subfield code="d">g</subfield>
   <subfield code="0">(DE-588)4055193-3</subfield>
   <subfield code="0">(DE-627)104540818</subfield>
   <subfield code="0">(DE-576)209112689</subfield>
   <subfield code="a">Sizilien</subfield>
   <subfield code="2">gnd</subfield>
  </datafield>
  <datafield tag="689" ind1="0" ind2="1">
   <subfield code="d">s</subfield>
   <subfield code="0">(DE-588)4042620-8</subfield>
   <subfield code="0">(DE-627)106213385</subfield>
   <subfield code="0">(DE-576)209051663</subfield>
   <subfield code="a">Normannen</subfield>
   <subfield code="2">gnd</subfield>
  </datafield>
  <datafield tag="689" ind1="0" ind2="2">
   <subfield code="d">s</subfield>
   <subfield code="0">(DE-588)4002851-3</subfield>
   <subfield code="0">(DE-627)104280352</subfield>
   <subfield code="0">(DE-576)208848975</subfield>
   <subfield code="a">Architektur</subfield>
   <subfield code="2">gnd</subfield>
  </datafield>
  <datafield tag="689" ind1="0" ind2=" ">
   <subfield code="5">(DE-627)</subfield>
  </datafield>
  <datafield tag="700" ind1="1" ind2=" ">
   <subfield code="a">DiStefano, Guido</subfield>
   <subfield code="0">(DE-627)1237777356</subfield>
   <subfield code="0">(DE-576)167777351</subfield>
   <subfield code="4">oth</subfield>
  </datafield>
  <datafield tag="787" ind1="0" ind2="8">
   <subfield code="i">Rezensiert in</subfield>
   <subfield code="a">Krönig, Wolfgang, 1904 - 1992</subfield>
   <subfield code="t">[Rezension von: Guido Di Stefano, Monumenti della Sicilia normanna]</subfield>
   <subfield code="d">Nürnberg : Carl, 1956</subfield>
   <subfield code="w">(DE-627)1728787130</subfield>
  </datafield>
  <datafield tag="936" ind1="r" ind2="v">
   <subfield code="a">NM 9100</subfield>
   <subfield code="b">Italien, Sizilien, Sardinien</subfield>
   <subfield code="k">Geschichte</subfield>
   <subfield code="k">Geschichte des Mittelalters</subfield>
   <subfield code="k">Geschichte der auswärtigen Staaten und Völker</subfield>
   <subfield code="k">Europäische Staaten und Völker</subfield>
   <subfield code="k">Italien, Sizilien, Sardinien</subfield>
   <subfield code="0">(DE-627)1271463458</subfield>
   <subfield code="0">(DE-625)rvk/126473:</subfield>
   <subfield code="0">(DE-576)201463458</subfield>
  </datafield>
  <datafield tag="936" ind1="r" ind2="v">
   <subfield code="a">LN 80662</subfield>
   <subfield code="b">romanisch</subfield>
   <subfield code="k">Kunstgeschichte</subfield>
   <subfield code="k">Kunst nach Ländern bzw. Kontinenten</subfield>
   <subfield code="k">Italien</subfield>
   <subfield code="k">Italienische Kunstgeschichte nach Gattungen</subfield>
   <subfield code="k">Architektur</subfield>
   <subfield code="k">Geschichte der italienischen Architektur nach Landschaften</subfield>
   <subfield code="k">Sizilien, Sardinien</subfield>
   <subfield code="k">romanisch</subfield>
   <subfield code="0">(DE-627)1272559165</subfield>
   <subfield code="0">(DE-625)rvk/102287:4</subfield>
   <subfield code="0">(DE-576)202559165</subfield>
  </datafield>
  <datafield tag="951" ind1=" " ind2=" ">
   <subfield code="a">BO</subfield>
  </datafield>
  <datafield tag="990" ind1=" " ind2=" ">
   <subfield code="a">Sizilien</subfield>
  </datafield>
  <datafield tag="990" ind1=" " ind2=" ">
   <subfield code="a">Normannen</subfield>
  </datafield>
  <datafield tag="990" ind1=" " ind2=" ">
   <subfield code="a">Architektur</subfield>
  </datafield>
  <datafield tag="991" ind1=" " ind2=" ">
   <subfield code="a">Rezensiertes Werk</subfield>
  </datafield>
  <datafield tag="999" ind1=" " ind2=" ">
   <subfield code="a">KXP-PPN1131472179</subfield>
   <subfield code="e">4093812330</subfield>
  </datafield>
 </record>
</collection>
